[Event "Wellington CC-chA"]
[Site "Wellington"]
[Date "2016.10.01"]
[Round "4"]
[White "Pomeroy, Arthur"]
[Black "Jackson, L Ross"]
[Result "1/2-1/2"]
[WhiteElo "2102"]
[BlackElo "1921"]
[PlyCount "71"]
[EventDate "2016.09.08"]
[EventType "tourn"]
[EventRounds "9"]
[EventCountry "NZL"]
[SourceTitle "EXT 2018"]
[Source "ChessBase"]
[SourceDate "2017.10.13"]
[SourceVersion "1"]
[SourceVersionDate "2017.10.13"]
[SourceQuality "1"]

1. e4 c5 2. Nf3 d6 3. d4 cxd4 4. Nxd4 Nf6 5. Nc3 a6 6. h3 e6 7. g4 d5 8. Bg2 dxe4 9. Nxe4 Nxe4 10. Bxe4 e5 11. Nf5 Qxd1+ 12. Kxd1 h5 13. g5 g6 14. Ne3 Nd7 15. Nd5 Bd6 16. Be3 0-0 17. Ke2 Bc5 18. b4 Bxe3 19. fxe3 Kg7 20. Rad1 b5 21. Rhf1 Ra7 22. Ne7 Rc7 23. Nxc8 Rfxc8 24. Rd6 Nb8 25. Bd5 Rxc2+ 26. Kd3 R2c7 27. Rdf6 Rf8 28. Ke4 Re7 29. h4 Nd7 30. Rxa6 f5+ 31. Kf3 e4+ 32. Kg3 Rc8 33. Rc6 Rb8 34. Rc3 Rbe8 35. Rfc1 Ne5 36. Rc8 1/2-1/2

[Event "Wellington CC Autumn Cup-C"]
[Site "Wellington"]
[Date "2016.05.19"]
[Round "5"]
[White "Kulkarni, Yogesh"]
[Black "Jackson, L Ross"]
[Result "0-1"]
[WhiteElo "1854"]
[BlackElo "2027"]
[PlyCount "60"]
[EventDate "2016.04.21"]
[EventType "tourn"]
[EventRounds "5"]
[EventCountry "NZL"]
[SourceTitle "EXT 2018"]
[Source "ChessBase"]
[SourceDate "2017.10.13"]
[SourceVersion "1"]
[SourceVersionDate "2017.10.13"]
[SourceQuality "1"]

1. c4 Nf6 2. Nc3 g6 3. Nf3 Bg7 4. g3 0-0 5. Bg2 d6 6. 0-0 e5 7. d3 h6 8. Bd2 Nc6 9. Rb1 Be6 10. b4 Qd7 11. b5 Ne7 12. Re1 Nh5 13. Nh4 Qc8 14. a4 Rb8 15. a5 g5 16. Nf3 f5 17. e3 Nf6 18. Qa4 Ng6 19. Rec1 b6 20. axb6 axb6 21. Ne1 Qe8 22. Nd5 Qf7 23. Nxf6+ Bxf6 24. Nc2 f4 25. exf4 gxf4 26. Nb4 Bg5 27. f3 fxg3 28. hxg3 Bxd2 29. Rf1 Bc3 30. Kh2 Nf4 0-1

[Event "Wellington CC Autumn Cup-C"]
[Site "Wellington"]
[Date "2016.04.28"]
[Round "2"]
[White "Jackson, L Ross"]
[Black "Aldridge, Alan L"]
[Result "1-0"]
[WhiteElo "2027"]
[BlackElo "1992"]
[PlyCount "49"]
[EventDate "2016.04.21"]
[EventType "tourn"]
[EventRounds "5"]
[EventCountry "NZL"]
[SourceTitle "EXT 2018"]
[Source "ChessBase"]
[SourceDate "2017.10.13"]
[SourceVersion "1"]
[SourceVersionDate "2017.10.13"]
[SourceQuality "1"]

1. d4 Nf6 2. c4 e6 3. a3 c5 4. d5 d6 5. Nc3 e5 6. e4 Be7 7. g3 0-0 8. Bg2 Ne8 9. f4 f5 10. Nge2 fxe4 11. Nxe4 Nd7 12. 0-0 Nef6 13. Ng5 Qb6 14. Ne6 Re8 15. Nc3 Rb8 16. Nb5 Bd8 17. a4 a5 18. g4 Nf8 19. g5 N6d7 20. f5 Nxe6 21. fxe6 Nf8 22. Qf3 Bxe6 23. dxe6 Be7 24. Ra3 Kh8 25. Qh5 1-0

[Event "Wellington CC Autumn Cup-C"]
[Site "Wellington"]
[Date "2016.04.21"]
[Round "1"]
[White "Jackson, L Ross"]
[Black "Rossiter, Philip E"]
[Result "1/2-1/2"]
[WhiteElo "2027"]
[BlackElo "1814"]
[PlyCount "83"]
[EventDate "2016.04.21"]
[EventType "tourn"]
[EventRounds "5"]
[EventCountry "NZL"]
[SourceTitle "EXT 2018"]
[Source "ChessBase"]
[SourceDate "2017.10.13"]
[SourceVersion "1"]
[SourceVersionDate "2017.10.13"]
[SourceQuality "1"]

1. d4 Nf6 2. c4 e6 3. Nc3 Bb4 4. Qc2 d5 5. a3 Be7 6. e3 Nbd7 7. Nf3 b6 8. cxd5 exd5 9. Bd3 Bb7 10. 0-0 0-0 11. Bd2 c5 12. Rac1 Rc8 13. Qb1 Re8 14. Bf5 g6 15. Bd3 Bf8 16. Ne1 Ne4 17. Nxe4 dxe4 18. Bb5 Bc6 19. Bxc6 Rxc6 20. dxc5 Rxc5 21. b4 Rxc1 22. Bxc1 Bg7 23. Bb2 Bxb2 24. Qxb2 Ne5 25. Nc2 Qd3 26. Ne1 Qd5 27. Nc2 Nd3 28. Qb1 Rc8 29. Nd4 Rc3 30. Qa1 Qc4 31. h3 f5 32. Nb5 Rc2 33. Nxa7 Qa6 34. f3 Qxa7 35. Qd4 Qc7 36. Qd5+ Qf7 37. Qd8+ Kg7 38. fxe4 Qa2 39. Qe7+ Kg8 40. Qe8+ Kg7 41. Qe7+ Kg8 42. Qe8+ 1/2-1/2

[Event "Wellington op"]
[Site "Wellington"]
[Date "2016.03.26"]
[Round "2"]
[White "Jackson, L Ross"]
[Black "Croad, Nicholas"]
[Result "0-1"]
[WhiteElo "1901"]
[BlackElo "2312"]
[PlyCount "92"]
[EventDate "2016.03.25"]
[EventType "swiss"]
[EventRounds "6"]
[EventCountry "NZL"]
[SourceTitle "EXT 2018"]
[Source "ChessBase"]
[SourceDate "2017.10.13"]
[SourceVersion "1"]
[SourceVersionDate "2017.10.13"]
[SourceQuality "1"]

1. d4 Nf6 2. c4 e6 3. Nf3 b6 4. e3 Bb7 5. Bd3 c5 6. 0-0 Be7 7. Nc3 0-0 8. e4 cxd4 9. Nxd4 d6 10. Be3 Nbd7 11. f3 Rc8 12. Be2 a6 13. Rc1 Re8 14. b3 Qc7 15. Qd2 Qb8 16. Qb2 Bd8 17. Qd2 Bc7 18. Bd3 d5 19. g3 e5 20. exd5 exd4 21. Bxd4 Bd6 22. Bf5 Bc5 23. Bxc5 bxc5 24. Ne4 Rcd8 25. Qf2 Nxe4 26. fxe4 Ne5 27. Rcd1 Qd6 28. Qb2 g6 29. Bh3 Bc8 30. Bxc8 Rxc8 31. Rf4 Rc7 32. Qc3 Rce7 33. Rdf1 Nd7 34. Qf3 f6 35. h4 Qe5 36. Kg2 Qb2+ 37. Rf2 Qd4 38. Re2 Ne5 39. Qf1 Nd3 40. Rxf6 Rxe4 41. Rxe4 Qxe4+ 42. Kh3 h5 43. Qf3 Qxf3 44. Rxf3 Ne5 45. Rf6 Rf8 46. Rxa6 Rf2 0-1